000 00583nam a22001697a 4500
005 20251108175757.0
008 250721s2002 xx 000 0 ara d
082 1 4 _a332.55/سلا
100 1 _aسلام، عماد صالح
245 1 0 _aادارة الازمات في بورصات الاوراق المالية العربية و العالمية و التنمية المتواصلة /
264 1 _aابو ظبي :
_bالمؤلف،
_c2002.
300 _a484ص.
650 1 7 _aالمؤسسات المالية
650 1 7 _aالاسواق
942 _2ddc
_cBK
999 _c142132
_d142132